[Event "Munich Whitsun op-A 3rd"]
[Site "Munich"]
[Date "2025.06.12"]
[Round "7"]
[White "Aarav, Sarbalia"]
[Black "Kanyamarala, Tarun"]
[Result "1-0"]
[WhiteElo "2243"]
[BlackElo "2406"]
[PlyCount "85"]
[EventDate "2025.06.08"]
[EventType "swiss"]
[EventRounds "9"]
[EventCountry "GER"]
[SourceTitle "CB26_2025"]
[SourceDate "2025.06.25"]
[SourceVersion "1"]
[SourceVersionDate "2025.06.25"]
[SourceQuality "1"]

1. e4 c5 2. c3 d5 3. exd5 Nf6 4. Bb5+ Nbd7 5. d4 a6 6. Be2 Nxd5 7. Nf3 e6 8. c4 N5f6 9. 0-0 Qc7 10. Nc3 Bd6 11. dxc5 Bxc5 12. a3 b6 13. b4 Bd6 14. h3 0-0 15. Be3 Rd8 16. Qb3 Bb7 17. Rac1 Bf4 18. Bxf4 Qxf4 19. Rcd1 Ne5 20. Nxe5 Qxe5 21. Rfe1 Rxd1 22. Rxd1 a5 23. bxa5 Qxa5 24. Rd6 Qg5 25. Bf1 Qc5 26. Qxb6 Qxb6 27. Rxb6 Bc8 28. a4 Nd7 29. Rc6 Kf8 30. c5 Ke7 31. Bb5 Ne5 32. Rb6 Ra7 33. f4 Nd7 34. Rc6 Kd8 35. Kf2 Nb8 36. Rd6+ Ke7 37. Rb6 Na6 38. Ne4 Nc7 39. Nd6 Bd7 40. c6 Nxb5 41. Nxb5 Rxa4 42. Rb7 Rxf4+ 43. Ke3 1-0

[Event "Munich Whitsun op-A 3rd"]
[Site "Munich"]
[Date "2025.06.09"]
[Round "4"]
[White "Kanyamarala, Tarun"]
[Black "Korobov, Anton"]
[Result "1/2-1/2"]
[WhiteElo "2406"]
[BlackElo "2631"]
[PlyCount "69"]
[EventDate "2025.06.08"]
[EventType "swiss"]
[EventRounds "9"]
[EventCountry "GER"]
[SourceTitle "CB26_2025"]
[SourceDate "2025.06.25"]
[SourceVersion "1"]
[SourceVersionDate "2025.06.25"]
[SourceQuality "1"]

1. d4 Nf6 2. c4 e6 3. Nc3 d5 4. Bg5 Be7 5. Nf3 h6 6. Bh4 0-0 7. e3 b6 8. Qb3 Bb7 9. Bxf6 Bxf6 10. cxd5 exd5 11. Rd1 c6 12. Bd3 Nd7 13. 0-0 Re8 14. e4 Nf8 15. Rfe1 g6 16. Bf1 Ne6 17. exd5 cxd5 18. Rd2 Rc8 19. Qd1 a6 20. g3 Rc7 21. Rde2 Rce7 22. Ne5 b5 23. f4 Qb6 24. Rd2 Ng5 25. Kh1 Bxe5 26. fxe5 b4 27. Na4 Qa5 28. Nc5 Ne4 29. Rc2 Qxa2 30. Qa1 Qxa1 31. Rxa1 Rc7 32. Rac1 Rec8 33. Bh3 b3 34. Bxc8 bxc2 35. Bxb7 1/2-1/2

[Event "Drogheda Thomson op"]
[Site "Drogheda"]
[Date "2025.06.02"]
[Round "6"]
[White "Artemenko, Oleg"]
[Black "Kanyamarala, Tarun"]
[Result "1/2-1/2"]
[WhiteElo "2268"]
[BlackElo "2400"]
[PlyCount "42"]
[EventDate "2025.05.31"]
[EventType "swiss"]
[EventRounds "6"]
[EventCountry "IRL"]
[SourceTitle "CB23_2025"]
[SourceDate "2025.06.04"]
[SourceVersion "1"]
[SourceVersionDate "2025.06.04"]
[SourceQuality "1"]

1. d4 Nf6 2. c4 e6 3. Nc3 Bb4 4. Nf3 b6 5. Bg5 Bb7 6. Nd2 h6 7. Bh4 Nc6 8. e3 Ne7 9. f3 Nf5 10. Bf2 c5 11. a3 cxd4 12. exd4 Bxc3 13. bxc3 0-0 14. Qc2 Rc8 15. Bd3 d5 16. c5 bxc5 17. dxc5 Nd7 18. Nb3 Qg5 19. Bxf5 exf5 20. 0-0 Ba6 21. Rfe1 Nb8 1/2-1/2

[Event "Sardinia World op-A"]
[Site "Orosei"]
[Date "2025.04.27"]
[Round "2"]
[White "Kanyamarala, Tarun"]
[Black "Wecker, Martin"]
[Result "0-1"]
[WhiteElo "2386"]
[BlackElo "2035"]
[PlyCount "100"]
[EventDate "2025.04.27"]
[EventType "swiss"]
[EventRounds "9"]
[EventCountry "ITA"]
[SourceTitle "CB19_2025"]
[SourceDate "2025.05.07"]
[SourceVersion "1"]
[SourceVersionDate "2025.05.07"]
[SourceQuality "1"]

1. d4 Nf6 2. Nf3 e6 3. Bg5 c5 4. e3 b6 5. Bd3 Ba6 6. c4 cxd4 7. exd4 Be7 8. Nc3 0-0 9. 0-0 d5 10. cxd5 Bxd3 11. Qxd3 Nxd5 12. Nxd5 exd5 13. Bxe7 Qxe7 14. Rfe1 Qd6 15. Ng5 Qg6 16. Qxg6 hxg6 17. Rac1 Na6 18. Re7 f6 19. Nf3 Rfe8 20. Rd7 Red8 21. Rb7 Rdb8 22. Rxb8+ Rxb8 23. Nh4 Kf7 24. b4 Rb7 25. b5 Nc7 26. a4 Ne6 27. Nf3 g5 28. h3 Rc7 29. Rxc7+ Nxc7 30. Ne1 a6 31. a5 Nxb5 32. axb6 Nxd4 33. Nd3 Nc6 34. Nc5 Nb8 35. Kf1 Ke7 36. Ke2 Kd6 37. Nb7+ Kc6 38. Nd8+ Kxb6 39. Ne6 g6 40. Nf8 Kc6 41. Nxg6 Kd6 42. f4 Nc6 43. g3 Ne7 44. Nf8 gxf4 45. gxf4 Nf5 46. Kf3 Ke7 47. Kg4 Ne3+ 48. Kf3 Nf5 49. Kg4 Nh6+ 50. Kh5 Kxf8 0-1

[Event "Dublin Easter IM"]
[Site "Dublin"]
[Date "2025.04.21"]
[Round "9"]
[White "Flynn, Jacob"]
[Black "Kanyamarala, Tarun"]
[Result "1/2-1/2"]
[WhiteElo "2216"]
[BlackElo "2386"]
[PlyCount "86"]
[EventDate "2025.04.17"]
[EventType "tourn"]
[EventRounds "9"]
[EventCountry "IRL"]
[SourceTitle "CB17_2025"]
[SourceDate "2025.04.23"]
[SourceVersion "1"]
[SourceVersionDate "2025.04.23"]
[SourceQuality "1"]

1. e4 c5 2. Nf3 a6 3. c3 d5 4. exd5 Qxd5 5. Be2 Nf6 6. 0-0 e6 7. Na3 Nc6 8. Nc4 Qd8 9. a4 Be7 10. a5 0-0 11. d3 Nd5 12. Re1 Bf6 13. Bf1 Bd7 14. Bd2 Nce7 15. Nfe5 Ng6 16. Nxd7 Qxd7 17. g3 Rfd8 18. h4 Qc7 19. Qe2 Rd7 20. h5 Nge7 21. h6 g6 22. Qf3 Bh8 23. Re4 Nf5 24. Re2 Rad8 25. Bg5 Rf8 26. Bh3 Qc6 27. Bg2 Qc7 28. Rae1 Qc8 29. g4 Nfe7 30. Nb6 Nxb6 31. axb6 c4 32. dxc4 Qxc4 33. Re4 Qc5 34. Bf6 Nd5 35. Bxh8 Kxh8 36. Rd1 f5 37. Rxe6 fxg4 38. Rxd5 Rxd5 39. Qxd5 Qxf2+ 40. Kh1 Qh4+ 41. Kg1 Qf2+ 42. Kh1 Qh4+ 43. Kg1 Qf2+ 1/2-1/2

[Event "Dublin Easter IM"]
[Site "Dublin"]
[Date "2025.04.21"]
[Round "8"]
[White "Kanyamarala, Tarun"]
[Black "Collins, Adam"]
[Result "1/2-1/2"]
[WhiteElo "2386"]
[BlackElo "2205"]
[PlyCount "62"]
[EventDate "2025.04.17"]
[EventType "tourn"]
[EventRounds "9"]
[EventCountry "IRL"]
[SourceTitle "CB17_2025"]
[SourceDate "2025.04.23"]
[SourceVersion "1"]
[SourceVersionDate "2025.04.23"]
[SourceQuality "1"]

1. c4 e6 2. Nf3 d5 3. e3 Nf6 4. Nc3 c5 5. d4 Nc6 6. a3 cxd4 7. exd4 Ne4 8. Bd3 Nxc3 9. bxc3 dxc4 10. Bxc4 Be7 11. 0-0 0-0 12. Qe2 Bf6 13. Bd3 Re8 14. Bf4 Ne7 15. Rab1 a6 16. a4 Qa5 17. h4 Ng6 18. Be5 Bxe5 19. dxe5 Nf8 20. Rb4 Bd7 21. Ng5 h6 22. Nh3 Rac8 23. Rg4 Rc5 24. Re1 Qxc3 25. Nf4 Rec8 26. Nh5 g6 27. Kh2 Kh7 28. Nf6+ Kg7 29. Nh5+ Kh7 30. Rg3 Qb4 31. Rg4 Qc3 1/2-1/2

[Event "Dublin Easter IM"]
[Site "Dublin"]
[Date "2025.04.18"]
[Round "2"]
[White "Neuman, Petr"]
[Black "Kanyamarala, Tarun"]
[Result "0-1"]
[WhiteElo "2418"]
[BlackElo "2386"]
[PlyCount "82"]
[EventDate "2025.04.17"]
[EventType "tourn"]
[EventRounds "9"]
[EventCountry "IRL"]
[SourceTitle "CB17_2025"]
[SourceDate "2025.04.23"]
[SourceVersion "1"]
[SourceVersionDate "2025.04.23"]
[SourceQuality "1"]

1. e4 c5 2. Nf3 Nc6 3. Bb5 g6 4. 0-0 Bg7 5. Bxc6 bxc6 6. c3 d6 7. d4 cxd4 8. cxd4 Bg4 9. Be3 Nf6 10. Nc3 0-0 11. Rc1 Qb6 12. b3 Qb7 13. h3 Bxf3 14. Qxf3 Nd7 15. Qe2 Rac8 16. Qd2 Rfe8 17. f3 Nb6 18. Rc2 c5 19. Rfc1 c4 20. d5 cxb3 21. axb3 Nd7 22. Ne2 Rxc2 23. Qxc2 Nc5 24. Bxc5 dxc5 25. Qxc5 Qxb3 26. Qxa7 Bh6 27. Qd7 Be3+ 28. Kh1 Rf8 29. Re1 Qb4 30. Rd1 Qb2 31. Ng3 Ra8 32. Nf1 Bf4 33. h4 Ra2 34. Qh3 Qc2 35. Re1 Qf2 36. Rb1 Qc2 37. Re1 Qf2 38. Rb1 h5 39. g4 Ra3 40. gxh5 Rxf3 41. Qg4 Qe2 0-1

[Event "EU-ch 25th"]
[Site "Eforie Nord"]
[Date "2025.03.20"]
[Round "6"]
[White "Kadric, Denis"]
[Black "Kanyamarala, Tarun"]
[Result "1-0"]
[WhiteElo "2542"]
[BlackElo "2389"]
[PlyCount "71"]
[EventDate "2025.03.15"]
[EventType "swiss"]
[EventRounds "11"]
[EventCountry "ROU"]
[SourceTitle "CB13_2025"]
[SourceDate "2025.03.26"]
[SourceVersion "1"]
[SourceVersionDate "2025.03.26"]
[SourceQuality "1"]

1. e4 c5 2. Nf3 e6 3. d4 cxd4 4. Nxd4 a6 5. a3 Qc7 6. c4 Nf6 7. Nc3 Nc6 8. Be3 Bd6 9. g3 Be5 10. f4 Bxd4 11. Bxd4 Nxd4 12. Qxd4 b6 13. e5 Bb7 14. Rg1 Ng4 15. Be2 f5 16. h3 Nh6 17. Na4 b5 18. Nb6 Rb8 19. c5 Ng8 20. a4 bxa4 21. Qd6 Qxd6 22. cxd6 Bc6 23. Nxa4 Nh6 24. Kf2 g5 25. Nc5 Rb4 26. Nxa6 Rxb2 27. Rgb1 Rxb1 28. Rxb1 0-0 29. Nb8 Be4 30. Rb6 Rd8 31. Bb5 gxf4 32. gxf4 Kf7 33. Nxd7 Rg8 34. Bf1 Kg7 35. Nc5 Ra8 36. Nxe6+ 1-0

[Event "EU-ch 25th"]
[Site "Eforie Nord"]
[Date "2025.03.19"]
[Round "5"]
[White "Kanyamarala, Tarun"]
[Black "Parligras, Mircea Emilian"]
[Result "1/2-1/2"]
[WhiteElo "2389"]
[BlackElo "2518"]
[PlyCount "81"]
[EventDate "2025.03.15"]
[EventType "swiss"]
[EventRounds "11"]
[EventCountry "ROU"]
[SourceTitle "CB13_2025"]
[SourceDate "2025.03.26"]
[SourceVersion "1"]
[SourceVersionDate "2025.03.26"]
[SourceQuality "1"]

1. d4 Nf6 2. c4 e6 3. Nc3 Bb4 4. Qc2 d6 5. e3 0-0 6. Bd3 c5 7. Nf3 Nc6 8. 0-0 h6 9. Na4 Qe7 10. a3 Ba5 11. dxc5 dxc5 12. Bd2 Bc7 13. Rab1 Rd8 14. Bc3 Bd6 15. Rfd1 b6 16. b3 Bb7 17. Ba1 Rd7 18. Rd2 Rad8 19. Rbd1 Bc7 20. Nc3 Ne5 21. Nxe5 Bxe5 22. h3 Bb8 23. Bb2 Kf8 24. Nb1 Qd6 25. f4 Qc6 26. Bxf6 gxf6 27. Be4 Qc7 28. Bxb7 Qxb7 29. Qh7 Ke7 30. Kf2 a6 31. Rxd7+ Rxd7 32. Rxd7+ Qxd7 33. Qe4 f5 34. Qa8 Qd3 35. Qxb8 Qxb1 36. Qxb6 Qb2+ 37. Kf3 Qxa3 38. g4 fxg4+ 39. hxg4 Kf6 40. Qd8+ Kg7 41. g5 1/2-1/2

[Event "British Rapidplay"]
[Site "Peterborough"]
[Date "2025.03.02"]
[Round "11"]
[White "Sivanandan, Bodhana"]
[Black "Kanyamarala, Tarun"]
[Result "1/2-1/2"]
[WhiteElo "2073"]
[BlackElo "2389"]
[PlyCount "170"]
[EventDate "2025.03.01"]
[EventType "swiss (rapid)"]
[EventRounds "11"]
[EventCountry "ENG"]
[SourceTitle "CB10_2025"]
[SourceDate "2025.03.05"]
[SourceVersion "1"]
[SourceVersionDate "2025.03.05"]
[SourceQuality "1"]

1. e4 c5 2. Nf3 e6 3. g3 d5 4. exd5 exd5 5. d4 Nf6 6. Bg2 Be7 7. 0-0 0-0 8. Nc3 Nc6 9. Bg5 cxd4 10. Nxd4 h6 11. Be3 Bg4 12. Qd2 Ne5 13. h3 Nc4 14. Qc1 Be6 15. Re1 Qd7 16. Nxe6 fxe6 17. Bd4 Rac8 18. b3 Ba3 19. Qd1 Nd6 20. Qd3 Nf5 21. Bxf6 Rxf6 22. Ne2 Bc5 23. Rf1 Qc7 24. Kh2 Bd6 25. c3 h5 26. Nd4 Nxd4 27. cxd4 Qc2 28. Rad1 h4 29. Rd2 Qxd3 30. Rxd3 Rc2 31. Kg1 Rxa2 32. gxh4 Rf4 33. Bf3 Be7 34. Bg4 Bxh4 35. Bxe6+ Kh7 36. Bxd5 Bxf2+ 37. Kh1 b6 38. Be6 Kg6 39. d5 Kf6 40. Bg4 Ke7 41. d6+ Kd8 42. Rc3 Rxg4 43. hxg4 Bc5 44. Rd3 Re2 45. Rf7 Re1+ 46. Kg2 Re2+ 47. Kg3 Re6 48. Rxa7 Bxd6+ 49. Kf3 g5 50. Rg7 Rf6+ 51. Ke4 Kc8 52. Rxg5 Rf4+ 53. Kd5 Bc5 54. Kc6 Rf6+ 55. Kb5 Rf7 56. Rg8+ Kc7 57. g5 Be7 58. Rc3+ Kb7 59. Kc4 Bc5 60. g6 Rd7 61. Rd3 b5+ 62. Kxc5 Rxd3 63. b4 Rg3 64. Kxb5 Rg5+ 65. Ka4 Ka7 66. Kb3 Rg4 67. Ka4 Rg5 68. b5 Kb6 69. g7 Rg4+ 70. Kb3 Kb7 71. Kc3 Ka7 72. Kd3 Kb7 73. Ke3 Ka7 74. b6+ Kb7 75. Kf2 Rg6 76. Kf3 Rg1 77. Ke3 Rg2 78. Kf4 Rg1 79. Kf5 Rf1+ 80. Ke6 Re1+ 81. Kd6 Rd1+ 82. Kc5 Rc1+ 83. Kd4 Rd1+ 84. Ke3 Rg1 85. Kf2 Rg6 1/2-1/2

[Event "British Rapidplay"]
[Site "Peterborough"]
[Date "2025.03.01"]
[Round "1"]
[White "Bevis, Noah"]
[Black "Kanyamarala, Tarun"]
[Result "0-1"]
[WhiteElo "1777"]
[BlackElo "2389"]
[PlyCount "54"]
[EventDate "2025.03.01"]
[EventType "swiss (rapid)"]
[EventRounds "11"]
[EventCountry "ENG"]
[SourceTitle "CB10_2025"]
[SourceDate "2025.03.05"]
[SourceVersion "1"]
[SourceVersionDate "2025.03.05"]
[SourceQuality "1"]

1. d4 f5 2. g3 Nf6 3. Bg2 g6 4. Nf3 Bg7 5. c4 0-0 6. 0-0 d6 7. Nc3 c6 8. b3 Qc7 9. Bb2 e5 10. dxe5 dxe5 11. e3 e4 12. Nd4 Re8 13. Qe2 Nbd7 14. Rfd1 Ne5 15. Qc2 Qf7 16. Rab1 g5 17. Nce2 Qh5 18. h3 Nf3+ 19. Kh1 f4 20. Ng1 Nxg1 21. Kxg1 f3 22. g4 Bxg4 23. hxg4 Qxg4 24. Kf1 fxg2+ 25. Kg1 Qh3 26. f3 exf3 27. Kf2 Ng4+ 0-1

[Event "Upplands Vasby Young Talents"]
[Site "Upplands Vasby"]
[Date "2025.02.20"]
[Round "7"]
[White "Rohit, Krishna S"]
[Black "Kanyamarala, Tarun"]
[Result "1-0"]
[WhiteElo "2481"]
[BlackElo "2396"]
[PlyCount "145"]
[EventDate "2025.02.17"]
[EventType "tourn"]
[EventRounds "9"]
[EventCountry "SWE"]
[EventCategory "9"]
[SourceTitle "CB09_2025"]
[SourceDate "2025.02.27"]
[SourceVersion "1"]
[SourceVersionDate "2025.02.27"]
[SourceQuality "1"]

1. d4 Nf6 2. c4 e6 3. Nf3 d5 4. Nc3 c6 5. e3 Nbd7 6. Qc2 Bd6 7. Bd3 0-0 8. 0-0 dxc4 9. Bxc4 a6 10. e4 e5 11. h3 b5 12. Bd3 exd4 13. Nxd4 Ne5 14. Be2 c5 15. Nf3 Bb7 16. Rd1 Qc7 17. Be3 Nxf3+ 18. Bxf3 Bh2+ 19. Kh1 Bf4 20. Nd5 Bxd5 21. exd5 Rac8 22. Bxf4 Qxf4 23. a4 Rfd8 24. axb5 axb5 25. Ra6 c4 26. Qc3 Ne8 27. g3 Qb8 28. Qb4 Qe5 29. Kg2 Nd6 30. Re1 Qf6 31. Re3 h6 32. Rea3 Qe5 33. Rb6 Rc7 34. Re3 Qf6 35. Rc6 Ra7 36. Qc5 Ra2 37. Re2 Ra1 38. Qb6 Raa8 39. Bg4 Rab8 40. Qc7 Rb7 41. Qa5 Rbb8 42. Qb4 Rb7 43. Re3 Re7 44. Ra3 Re5 45. Bf3 Rf5 46. Qc5 Qe5 47. Qb6 Qe7 48. Re3 Qf8 49. Qc5 Rf6 50. Ra3 Qe8 51. Re3 Qf8 52. Qb6 Rb8 53. Qc7 Rc8 54. Qa5 Ra8 55. Qe1 Rd8 56. Re5 Rb8 57. Bg4 Rd8 58. h4 Rb8 59. Re7 b4 60. Rd7 c3 61. bxc3 b3 62. Bd1 Re8 63. Qf1 b2 64. Bc2 Rb8 65. Qd3 g6 66. Qd4 Qg7 67. Rcxd6 Rxd6 68. Qxg7+ Kxg7 69. Rxd6 b1Q 70. Bxb1 Rxb1 71. c4 Rc1 72. Rc6 Rc3 73. Kf1 1-0

[Event "Upplands Vasby Young Talents"]
[Site "Upplands Vasby"]
[Date "2025.02.18"]
[Round "4"]
[White "Kanyamarala, Tarun"]
[Black "Seo, Jung Min"]
[Result "1-0"]
[WhiteElo "2396"]
[BlackElo "2495"]
[PlyCount "133"]
[EventDate "2025.02.17"]
[EventType "tourn"]
[EventRounds "9"]
[EventCountry "SWE"]
[EventCategory "9"]
[SourceTitle "CB09_2025"]
[SourceDate "2025.02.27"]
[SourceVersion "1"]
[SourceVersionDate "2025.02.27"]
[SourceQuality "1"]

1. d4 Nf6 2. c4 e6 3. Nc3 Bb4 4. e3 b6 5. Bd2 Bb7 6. Nf3 0-0 7. Bd3 d5 8. cxd5 exd5 9. 0-0 Bd6 10. Qb1 a6 11. b4 Qe7 12. b5 Nbd7 13. a4 c6 14. bxc6 Bxc6 15. Qb3 Rfc8 16. Rfb1 g6 17. Na2 Bb7 18. Bb4 Rc7 19. Bxd6 Qxd6 20. Nb4 Ne4 21. Rc1 Rac8 22. Rxc7 Qxc7 23. Nxd5 Bxd5 24. Qxd5 Qc3 25. Rf1 Qxd3 26. Qxd7 Qc4 27. h3 Nc3 28. Ra1 Rf8 29. Ne5 Qe2 30. Qc6 Qb2 31. Rf1 b5 32. axb5 Ne2+ 33. Kh2 Qxb5 34. Ra1 Qb8 35. Qxa6 Nc3 36. Kg1 Qb2 37. Qa3 Qc2 38. Rf1 Rb8 39. Qa7 Rf8 40. Qa6 Qb2 41. Nd7 Rd8 42. Nf6+ Kg7 43. Ng4 Nd5 44. Qa1 Qd2 45. Rd1 Qc2 46. Qc1 Qa4 47. Re1 Qb4 48. Re2 Ra8 49. Rb2 Qa3 50. Rb1 Qd3 51. Ne5 Qa6 52. Qc4 Qxc4 53. Nxc4 Nc3 54. Rb7 Ra1+ 55. Kh2 Ra2 56. Rb2 Ra7 57. Ne5 f6 58. Nd3 g5 59. Nc5 Kg6 60. g4 h5 61. Kg2 hxg4 62. hxg4 Ra1 63. Rc2 Nd5 64. Ne4 Ra6 65. Ng3 Ne7 66. Rc7 Re6 67. Rd7 1-0

[Event "Titled Tuesday intern op 21st Jan Late"]
[Site "Chess.com INT"]
[Date "2025.01.21"]
[Round "2"]
[White "Kanyamarala, Tarun"]
[Black "Rogov, Matfey"]
[Result "0-1"]
[WhiteElo "2378"]
[BlackElo "2291"]
[PlyCount "48"]
[EventDate "2025.01.21"]
[EventType "swiss (blitz)"]
[EventRounds "11"]
[EventCountry "USA"]
[SourceTitle "CB05_2025"]
[SourceDate "2025.01.29"]
[SourceVersion "1"]
[SourceVersionDate "2025.01.29"]
[SourceQuality "1"]

1. e4 c5 2. c3 e6 3. d4 cxd4 4. cxd4 d5 5. e5 Nc6 6. Nf3 Nge7 7. Bd3 Nf5 8. Bxf5 exf5 9. 0-0 Be6 10. Bg5 Be7 11. Bxe7 Qxe7 12. Qd2 h6 13. h4 0-0-0 14. Nc3 g5 15. hxg5 hxg5 16. Qxg5 Qd7 17. Rfc1 Rdg8 18. Qd2 f4 19. Ne2 Rxg2+ 20. Kxg2 Bh3+ 21. Kh1 Bf1+ 22. Kg1 Rh1+ 23. Kxh1 Qh3+ 24. Nh2 Qg2# 0-1

[Event "Titled Tuesday intern op 21st Jan Late"]
[Site "Chess.com INT"]
[Date "2025.01.21"]
[Round "9"]
[White "Karas, Marek"]
[Black "Kanyamarala, Tarun"]
[Result "0-1"]
[WhiteElo "2147"]
[BlackElo "2378"]
[PlyCount "98"]
[EventDate "2025.01.21"]
[EventType "swiss (blitz)"]
[EventRounds "11"]
[EventCountry "USA"]
[SourceTitle "CB05_2025"]
[SourceDate "2025.01.29"]
[SourceVersion "1"]
[SourceVersionDate "2025.01.29"]
[SourceQuality "1"]

1. d4 f5 2. Qd3 d5 3. Bf4 Nf6 4. e3 e6 5. c4 Be7 6. Nf3 0-0 7. Nc3 c6 8. h3 Bd7 9. Be2 Be8 10. Ne5 Nbd7 11. g4 Nxe5 12. Bxe5 Ne4 13. Nxe4 fxe4 14. Qb3 Bh4 15. Rh2 Bf6 16. Bxf6 Rxf6 17. Qxb7 Rb8 18. Qxa7 Rxb2 19. c5 Rf7 20. Qa3 Qb8 21. Rg2 Ra7 22. Qc3 Raxa2 23. Rxa2 Rxa2 24. Kf1 Qb1+ 25. Qe1 Qb2 26. f3 Bg6 27. f4 Ra1 28. Bd1 Qc1 29. Rd2 h5 30. Kf2 hxg4 31. hxg4 Bf7 32. Re2 Qxd1 33. Qxd1 Rxd1 34. Rb2 Be8 35. Rb8 Kf8 36. Rb7 Rd2+ 37. Ke1 Rg2 38. g5 Bh5 39. Rc7 Re2+ 40. Kf1 Rxe3 41. Rxc6 Rd3 42. Rxe6 Rxd4 43. c6 Rc4 44. Kf2 Be8 45. f5 Bxc6 46. Ke3 d4+ 47. Kf4 e3 48. Rd6 e2 49. Rd8+ Ke7 0-1

[Event "Titled Tuesday intern op 07th Jan Early"]
[Site "Chess.com INT"]
[Date "2025.01.07"]
[Round "8"]
[White "Astafurov, Arseniy"]
[Black "Kanyamarala, Tarun"]
[Result "0-1"]
[WhiteElo "2263"]
[BlackElo "2378"]
[PlyCount "80"]
[EventDate "2025.01.07"]
[EventType "swiss (blitz)"]
[EventRounds "11"]
[EventCountry "USA"]
[SourceTitle "CB03_2025"]
[SourceDate "2025.01.15"]
[SourceVersion "1"]
[SourceVersionDate "2025.01.15"]
[SourceQuality "1"]

1. Nf3 d5 2. g3 Bg4 3. Bg2 e6 4. 0-0 Nd7 5. h3 Bxf3 6. Bxf3 Ngf6 7. Bg2 c6 8. d3 e5 9. e4 dxe4 10. dxe4 Bc5 11. Qe2 0-0 12. Nd2 a5 13. a4 Qc7 14. Nc4 Rfe8 15. Bd2 Bf8 16. Ne3 Nc5 17. Qc4 Rad8 18. Bc3 Ne6 19. Rad1 Bc5 20. Nf5 g6 21. Ne3 Bd4 22. Kh2 Bxc3 23. bxc3 Nd7 24. Ng4 Kg7 25. h4 h5 26. Ne3 Nb6 27. Qb3 Nc5 28. Qa3 Nbxa4 29. Nc4 b5 30. Ne3 Ne6 31. Bh3 Nac5 32. Rxd8 Rxd8 33. Rd1 Rxd1 34. Nxd1 Nxe4 35. Bxe6 fxe6 36. Kg2 a4 37. Qb4 Nf6 38. Ne3 Qa7 39. Qa3 Nd5 40. Nd1 Nb6 0-1

[Event "Titled Tuesday intern op 07th Jan Early"]
[Site "Chess.com INT"]
[Date "2025.01.07"]
[Round "11"]
[White "Kanyamarala, Tarun"]
[Black "Hossam Mohamed, Adham"]
[Result "1-0"]
[WhiteElo "2378"]
[BlackElo "2014"]
[PlyCount "59"]
[EventDate "2025.01.07"]
[EventType "swiss (blitz)"]
[EventRounds "11"]
[EventCountry "USA"]
[SourceTitle "CB03_2025"]
[SourceDate "2025.01.15"]
[SourceVersion "1"]
[SourceVersionDate "2025.01.15"]
[SourceQuality "1"]

1. d4 Nf6 2. c4 g6 3. Nc3 Bg7 4. Nf3 0-0 5. e4 d6 6. Be2 e5 7. d5 a5 8. h3 Na6 9. Bg5 h6 10. Be3 Nd7 11. g4 Ndc5 12. Nd2 f5 13. gxf5 gxf5 14. exf5 Bxf5 15. Rg1 Kh7 16. Nf3 Nb4 17. Rc1 Nbd3+ 18. Bxd3 Nxd3+ 19. Kd2 Nxc1 20. Kxc1 Bxh3 21. Rh1 Bg2 22. Ng5+ Kg8 23. Ne6 Qf6 24. Rg1 Bf3 25. Qd2 Rf7 26. Bxh6 c6 27. Bxg7 Qf5 28. Qh6 Qh5 29. Bf6+ Bg4 30. Rxg4+ 1-0